Quiz sur 1972 - Statistiques

Statistiques générales
  • Ce quiz a été pris 52 fois
  • Le résultat moyen est 8 sur 20
Statistiques - réponses
Hint Réponse % Correct
Catcheur et acteur américain surnommé The Rock, né en 1972 Dwayne Johnson
81%
Célèbre rappeur américain blanc réputé dans le genre du Hip-Hop Eminem
76%
Agent secret issu d'une série de livres interprété par Jean Dujardin au cinéma OSS 117
76%
Territoire d'origine des terroristes à l'origine de la prise d'otage des J.O. de Munich, membres de l'organisation Septembre Noir Palestine
67%
Nom donné aux émeutes du 30 janvier 1972 en Irlande du Nord, qui ont causé la mort de quatorze manifestants irlandais, et qui donne son nom à une chanson de U2 Bloody Sunday
64%
Nom abandonné en 1972 par le Sri Lanka à la suite d'un vote populaire Ceylan
64%
33ème président des USA, mort le 26 décembre 1972 Harry Truman
52%
Geste tenté par Zinedine Zidane, né en 1972, en finale de coupe du monde 2006 Panenka
52%
Nationalité de l'équipe de rugby victime de l'accident de la Fuerza Aérea Uruguaya le 13 octobre Uruguay
52%
Ailier de rugby à XV français ayant longtemps évolué au Stade Français, tragiquement mort en 2020 Christophe Dominici
50%
Homme politique centrafricain qui s'est proclamé président à vie en 1972 Jean-Bédel Bokassa
45%
Pays européen qui supprime la peine de mort en 1972 Finlande
33%
Général argentin de retour au pouvoir après avoir été contraint à l'exil en 1972 Juan Peron
33%
Ecrivain français, auteur entre autres de Knock ou le Triomphe de la Médecine, disparu cette année-là Jules Romains
24%
Célèbre basketteur américain, ayant joué entre autres pour les Lakers, les Heat et les Magic Shaquille O'Neal
24%
Ecrivain japonais, prix Nobel de Littérature en 1968, mort en 1972 Yasunari Kawabata
12%
Série d'attentats à la bombe menée par l'IRA en représailles de l'évènement précédent Bloody Friday
2%
Nom donné à la guerre paysanne au Zimbabwe entre 1972 et 1979 Guerre du Bush
2%
Acteur britannique connu pour avoir été régulièrement interprète de Sherlock Holmes Jude Law
2%
Nom donnée à la Police Politique du Portugal, rendue responsable de l'assassinat de l'étudiant José Ribeiro dos Santos La Pide
2%
Aucun quiz correspondant
Distribution des résultats
% des personnes avec chaque résultat
Percentile par nombre de réponses
Votre historique - résultats
Vous n’avez pas pris ce quiz